Представление документа в формате MARC21

Поле Инд. ПП Название Значение
Тип записи a
Библиографический уровень m
001 Контрольный номер 36614f1d-a001-44cc-a024-a8be9412654a
005 Дата корректировки 20140703170100.1
008 Кодируемые данные 080722
020 a ISBN 5-7784-0044-6
c Цена, тираж 114.95
040 a Служба первич. каталог. НБ ТвГУ
041 a Код языка текста rus
080 a Индекс УДК 930(47)"17/19"
084 a Индекс другой классификации/Индекс ББК Т1(2)
090 x Авторский знак В35
a Полочн. индекс Т1(2)
100 1_ a Автор Вернадский Георгий Владимирович
245 00 a Заглавие Русская историография
c Ответственность Георгий Вернадский ; [сост. и науч. консультант В. Н. Козляков]
260 0_ a Место издания Москва
b Издательство Аграф
c Дата издания 2003
300 a Объем 447 с.
440 a Серия Новая история
504 a Библиография Библиогр.: с. 65-66 и в подстроч. примеч.
583 a Действие Получение впервые 172 21.07.2008
k Исполнитель действия ООО "Аграф и Ко"
650 a Основная рубрика Историческая наука
x Основная подрубрика История
y Хронологическая подрубрика 18-20 вв.
z Географическая подрубрика Россия
650 a Основная рубрика Историография
650 a Основная рубрика Историки
x Основная подрубрика Биографии
653 a Ключевые слова Историография
a Ключевые слова Историография
a Ключевые слова Русская историография
a Ключевые слова Историки
a Ключевые слова Русские историки
a Ключевые слова Биографии
700 1_ a Другие авторы Козляков Вячеслав Николаевич
e Роль лиц сост., науч. конс.
852 t Порядковый номер экземпляра 1
p Инвентарный номер 914635
852 t Порядковый номер экземпляра 2
p Инвентарный номер 914636
p Инвентарный номер 914637
863 t 00236244
863 t 00236245
863 t 00236246
888 a За счет средств университета
930 a Новая/Ретро биографии
952 p 172.2008 114.95 1 914635
p 172.2008 114.95 1 914636
p 172.2008 114.95 1 914637
c Вид литературы К рн
954 a Дата поступления на обработку 20080925
999 a Подразделение 2 аб.
a Подразделение 2 ч.з.